[Event "MP do 18 lat - chlopcy"]
[Site "Sypniewo"]
[Date "2022.03.27"]
[Round "9.8"]
[White "Turski, Bartlomiej"]
[Black "Kacprzak, Karol"]
[Result "1-0"]
[BlackElo "2275"]
[WhiteElo "2220"]
[LiveChessVersion "1.4.8"]

1. e4 {[%clk 1:30:57]} c5 {[%clk 1:30:50]} 2. Nf3 {[%clk 1:31:20]} d6
{[%clk 1:31:13]} 3. d4 {[%clk 1:31:45]} cxd4 {[%clk 1:31:38]} 4. Nxd4
{[%clk 1:32:11]} Nf6 {[%clk 1:32:01]} 5. Nc3 {[%clk 1:32:36]} a6 {[%clk 1:32:18]}
6. f3 {[%clk 1:32:59]} e5 {[%clk 1:31:16]} 7. Nb3 {[%clk 1:33:08]} Be6
{[%clk 1:31:30]} 8. Be3 {[%clk 1:33:29]} h5 {[%clk 1:31:48]} 9. Nd5
{[%clk 1:33:15]} Bxd5 {[%clk 1:31:49]} 10. exd5 {[%clk 1:33:36]} Nbd7
{[%clk 1:32:03]} 11. c4 {[%clk 1:33:15]} g6 {[%clk 1:29:38]} 12. Be2
{[%clk 1:33:23]} Bg7 {[%clk 1:29:09]} 13. O-O {[%clk 1:32:49]} b6
{[%clk 1:28:20]} 14. Qd2 {[%clk 1:33:12]} O-O {[%clk 1:28:44]} 15. Rae1
{[%clk 1:33:32]} Re8 {[%clk 1:28:51]} 16. Na1 {[%clk 1:33:38]} e4
{[%clk 1:20:19]} 17. Nb3 {[%clk 1:33:21]} exf3 {[%clk 1:12:38]} 18. gxf3
{[%clk 1:26:14]} Nh7 {[%clk 1:01:34]} 19. f4 {[%clk 1:22:53]} Nhf6
{[%clk 0:45:03]} 20. Bf3 {[%clk 1:17:54]} Rc8 {[%clk 0:43:12]} 21. Nd4
{[%clk 1:13:42]} Nc5 {[%clk 0:37:26]} 22. Nc6 {[%clk 1:11:02]} Qd7
{[%clk 0:37:37]} 23. b4 {[%clk 1:08:28]} Nce4 {[%clk 0:36:46]} 24. Qg2
{[%clk 1:05:07]} Rxc6 {[%clk 0:33:02]} 25. dxc6 {[%clk 1:03:13]} Qxc6
{[%clk 0:33:30]} 26. f5 {[%clk 1:00:25]} Kh7 {[%clk 0:32:29]} 27. fxg6+
{[%clk 0:38:54]} fxg6 {[%clk 0:32:51]} 28. Bd4 {[%clk 0:32:31]} Qxc4
{[%clk 0:29:22]} 29. Bxf6 {[%clk 0:32:39]} Nxf6 {[%clk 0:29:42]} 30. Rxe8
{[%clk 0:32:49]} Nxe8 {[%clk 0:30:05]} 31. Be4 {[%clk 0:33:08]} Qe6
{[%clk 0:29:46]} 32. Kh1 {[%clk 0:33:15]} Bd4 {[%clk 0:28:34]} 33. Rd1
{[%clk 0:32:21]} Be3 {[%clk 0:27:59]} 34. Re1 {[%clk 0:29:04]} Bd4
{[%clk 0:27:00]} 35. Qxg6+ {[%clk 0:25:24]} Qxg6 {[%clk 0:27:22]} 36. Bxg6+
{[%clk 0:25:51]} Kxg6 {[%clk 0:27:44]} 37. Rxe8 {[%clk 0:26:18]} Kf5
{[%clk 0:23:39]} 38. Kg2 {[%clk 0:23:54]} a5 {[%clk 0:22:22]} 39. b5
{[%clk 0:22:26]} d5 {[%clk 0:21:37]} 40. Kf3 {[%clk 0:51:53]} Be5
{[%clk 0:50:45]} 41. h3 {[%clk 0:51:47]} h4 {[%clk 0:46:15]} 42. a4
{[%clk 0:49:56]} Bf6 {[%clk 0:35:16]} 43. Ke3 {[%clk 0:45:34]} Bb2
{[%clk 0:29:55]} 44. Kd3 {[%clk 0:40:22]} Be5 {[%clk 0:27:23]} 45. Re7
{[%clk 0:38:25]} Bh2 {[%clk 0:24:25]} 46. Kd4 {[%clk 0:37:16]} Kf4
{[%clk 0:23:48]} 47. Rg7 {[%clk 0:37:15]} Kf3 {[%clk 0:23:53]} 48. Kxd5
{[%clk 0:37:38]} Bg3 {[%clk 0:24:13]} 49. Kc6 {[%clk 0:37:50]} Bf2
{[%clk 0:24:38]} 50. Rf7+ {[%clk 0:37:57]} Kg2 {[%clk 0:24:57]} 51. Rxf2+
{[%clk 0:38:15]} 1-0

[Event "MP do 18 lat - chlopcy"]
[Site "Sypniewo"]
[Date "2022.03.27"]
[Round "9.9"]
[White "Kaliszuk, Kamil"]
[Black "Redzisz, Michal"]
[Result "1-0"]
[BlackElo "2223"]
[WhiteElo "1963"]
[LiveChessVersion "1.4.8"]

1. e4 {[%clk 1:30:56]} e5 {[%clk 1:25:07]} 2. Nf3 {[%clk 1:31:18]} Nf6
{[%clk 1:25:32]} 3. Nxe5 {[%clk 1:30:11]} d6 {[%clk 1:25:57]} 4. Nd3
{[%clk 1:29:51]} Nxe4 {[%clk 1:26:13]} 5. Qe2 {[%clk 1:30:12]} Qe7
{[%clk 1:26:41]} 6. Nf4 {[%clk 1:30:20]} c6 {[%clk 1:11:49]} 7. d3
{[%clk 1:23:05]} Nf6 {[%clk 1:11:35]} 8. h3 {[%clk 1:11:05]} h5 {[%clk 0:58:01]}
9. d4 {[%clk 1:05:16]} Bf5 {[%clk 0:56:36]} 10. Qxe7+ {[%clk 1:03:41]} Bxe7
{[%clk 0:56:50]} 11. Bd3 {[%clk 1:04:05]} Bxd3 {[%clk 0:51:42]} 12. Nxd3
{[%clk 1:03:33]} h4 {[%clk 0:48:44]} 13. O-O {[%clk 0:56:22]} Na6
{[%clk 0:42:06]} 14. Re1 {[%clk 0:52:35]} Nc7 {[%clk 0:42:19]} 15. Bf4
{[%clk 0:50:28]} Ne6 {[%clk 0:40:54]} 16. Bh2 {[%clk 0:41:02]} Kd7
{[%clk 0:38:15]} 17. c3 {[%clk 0:40:36]} g5 {[%clk 0:37:25]} 18. f3
{[%clk 0:38:35]} Nh5 {[%clk 0:29:27]} 19. Nd2 {[%clk 0:36:16]} Rae8
{[%clk 0:27:01]} 20. Re2 {[%clk 0:29:32]} Bd8 {[%clk 0:18:24]} 21. Rae1
{[%clk 0:27:09]} Bc7 {[%clk 0:16:33]} 22. Nc4 {[%clk 0:22:39]} f6
{[%clk 0:10:05]} 23. Ne3 {[%clk 0:20:44]} Neg7 {[%clk 0:10:33]} 24. f4
{[%clk 0:16:28]} Re4 {[%clk 0:08:00]} 25. fxg5 {[%clk 0:10:30]} fxg5
{[%clk 0:08:29]} 26. Nf2 {[%clk 0:10:35]} Re7 {[%clk 0:08:11]} 27. Neg4
{[%clk 0:10:39]} Rxe2 {[%clk 0:04:20]} 28. Rxe2 {[%clk 0:10:40]} Ne6
{[%clk 0:01:02]} 29. Ne4 {[%clk 0:09:34]} Rf8 {[%clk 0:01:07]} 30. Rf2
{[%clk 0:09:02]} Rxf2 {[%clk 0:01:04]} 31. Kxf2 {[%clk 0:09:10]} Ke7
{[%clk 0:00:58]} 32. Ne3 {[%clk 0:08:00]} Nhg7 {[%clk 0:01:02]} 33. d5
{[%clk 0:06:35]} Nf4 {[%clk 0:00:57]} 34. Nxg5 {[%clk 0:04:35]} Nd3+
{[%clk 0:00:35]} 35. Ke2 {[%clk 0:04:49]} Nxb2 {[%clk 0:00:46]} 36. Nf3
{[%clk 0:04:40]} Ba5 {[%clk 0:00:40]} 37. Nxh4 {[%clk 0:04:04]} Bxc3
{[%clk 0:00:40]} 38. dxc6 {[%clk 0:03:59]} bxc6 {[%clk 0:00:47]} 39. Nhf5+
{[%clk 0:04:23]} Kd7 {[%clk 0:00:35]} 40. Nxd6 {[%clk 0:33:55]} Ne6
{[%clk 0:30:40]} 41. Ne4 {[%clk 0:24:54]} Nd4+ {[%clk 0:28:08]} 42. Kf1
{[%clk 0:24:45]} Bb4 {[%clk 0:27:34]} 43. Be5 {[%clk 0:22:38]} c5
{[%clk 0:28:03]} 44. Bxd4 {[%clk 0:20:28]} cxd4 {[%clk 0:28:30]} 45. Nc2
{[%clk 0:20:54]} Nd3 {[%clk 0:25:16]} 46. Nxd4 a5 {[%clk 0:22:51]} 47. Nc2
{[%clk 0:18:27]} Ke6 {[%clk 0:21:41]} 48. a3 {[%clk 0:12:08]} Be7
{[%clk 0:20:43]} 49. Ke2 {[%clk 0:11:49]} Ne5 {[%clk 0:20:39]} 50. Nd2
{[%clk 0:11:04]} Kf5 {[%clk 0:10:42]} 51. Ne3+ {[%clk 0:11:13]} Ke6
{[%clk 0:09:21]} 52. Ndc4 {[%clk 0:11:08]} Nc6 {[%clk 0:07:49]} 53. Kd3
{[%clk 0:10:06]} Bc5 {[%clk 0:06:43]} 54. Ke4 {[%clk 0:09:34]} Be7
{[%clk 0:06:04]} 55. Nf5 {[%clk 0:09:11]} Bf6 {[%clk 0:05:57]} 56. Nfd6
{[%clk 0:08:24]} Be7 {[%clk 0:05:08]} 57. Nb5 {[%clk 0:08:23]} Bf6
{[%clk 0:04:52]} 58. Nc7+ {[%clk 0:08:32]} Kd7 {[%clk 0:05:16]} 59. Nd5
{[%clk 0:08:57]} Bd8 {[%clk 0:05:36]} 60. Ne5+ {[%clk 0:09:07]} Nxe5
{[%clk 0:06:03]} 61. Kxe5 {[%clk 0:09:36]} Kc6 {[%clk 0:06:21]} 62. Kd4
{[%clk 0:09:25]} a4 {[%clk 0:05:52]} 63. Nc3 {[%clk 0:08:17]} Be7
{[%clk 0:06:17]} 64. Nxa4 {[%clk 0:08:44]} Bxa3 {[%clk 0:06:44]} 65. Ke4
{[%clk 0:09:07]} Kd6 {[%clk 0:07:02]} 66. Kf5 {[%clk 0:09:32]} Ke7
{[%clk 0:07:20]} 67. Kg6 {[%clk 0:09:52]} Bd6 {[%clk 0:07:34]} 68. Nc3
{[%clk 0:10:09]} Kf8 69. Ne4 {[%clk 0:10:33]} Be5 {[%clk 0:08:12]} 70. g4
{[%clk 0:10:44]} Kg8 {[%clk 0:08:41]} 71. Nf6+ {[%clk 0:10:55]} Kh8
{[%clk 0:09:09]} 72. Nd7 {[%clk 0:11:03]} Bg7 {[%clk 0:09:24]} 73. g5
{[%clk 0:11:16]} Ba1 {[%clk 0:09:52]} 74. Kf7 Bg7 {[%clk 0:09:36]} 75. h4
{[%clk 0:10:38]} Kh7 {[%clk 0:10:02]} 76. Nf6+ {[%clk 0:10:50]} Kh8
{[%clk 0:10:31]} 77. Ne8 {[%clk 0:10:06]} Bc3 {[%clk 0:09:28]} 78. g6
{[%clk 0:10:17]} Bg7 {[%clk 0:09:55]} 79. h5 {[%clk 0:10:44]} Bf8
{[%clk 0:10:08]} 80. g7+ {[%clk 0:11:08]} Bxg7 {[%clk 0:10:36]} 81. Nxg7
{[%clk 0:11:36]} Kh7 {[%clk 0:11:01]} 82. Nf5 {[%clk 0:11:52]} Kh8
{[%clk 0:11:30]} 83. Kg6 {[%clk 0:12:17]} Kg8 {[%clk 0:11:57]} 84. h6
{[%clk 0:12:38]} Kh8 {[%clk 0:12:26]} 85. Nd6 {[%clk 0:13:01]} 1-0

[Event "MP do 18 lat - chlopcy"]
[Site "Sypniewo"]
[Date "2022.03.27"]
[Round "9.10"]
[White "Stachecki, Mikolaj"]
[Black "Kozlowski, Michal"]
[Result "0-1"]
[BlackElo "2078"]
[WhiteElo "1837"]
[LiveChessVersion "1.4.8"]

1. e4 {[%clk 1:30:51]} c5 {[%clk 1:30:56]} 2. Nf3 {[%clk 1:31:09]} e6
{[%clk 1:31:23]} 3. d4 {[%clk 1:31:22]} cxd4 {[%clk 1:31:51]} 4. Nxd4
{[%clk 1:31:30]} Nc6 {[%clk 1:32:16]} 5. Nc3 {[%clk 1:31:42]} a6 {[%clk 1:32:41]}
6. Be2 {[%clk 1:31:41]} d6 {[%clk 1:33:04]} 7. O-O {[%clk 1:31:35]} Nf6
{[%clk 1:33:32]} 8. Be3 {[%clk 1:31:40]} Be7 {[%clk 1:33:45]} 9. f4
{[%clk 1:29:14]} O-O {[%clk 1:34:06]} 10. a4 {[%clk 1:28:08]} Bd7
{[%clk 1:31:07]} 11. Nb3 {[%clk 1:27:54]} Na5 {[%clk 1:12:42]} 12. e5
{[%clk 1:20:15]} Ne8 {[%clk 1:12:59]} 13. Nd2 {[%clk 1:13:51]} Qc7
{[%clk 1:06:33]} 14. Nf3 {[%clk 0:53:20]} Nc6 {[%clk 0:54:49]} 15. Kh1
{[%clk 0:49:53]} Rd8 {[%clk 0:51:47]} 16. exd6 {[%clk 0:40:23]} Nxd6
{[%clk 0:51:24]} 17. Bd3 {[%clk 0:40:05]} f5 {[%clk 0:32:27]} 18. Qe2
{[%clk 0:29:39]} Bf6 {[%clk 0:29:55]} 19. Bd2 {[%clk 0:29:03]} Rfe8
{[%clk 0:27:34]} 20. Bc4 {[%clk 0:22:57]} Nxc4 {[%clk 0:26:19]} 21. Qxc4
{[%clk 0:23:18]} Qb6 {[%clk 0:24:44]} 22. Qa2 {[%clk 0:19:21]} Nd4
{[%clk 0:15:03]} 23. Be3 {[%clk 0:17:00]} Bc6 {[%clk 0:15:04]} 24. Nxd4
{[%clk 0:14:52]} Bxd4 {[%clk 0:15:21]} 25. Bxd4 {[%clk 0:14:33]} Rxd4
{[%clk 0:15:10]} 26. Rae1 {[%clk 0:11:12]} Rd2 {[%clk 0:14:06]} 27. Re2
{[%clk 0:11:15]} Qd4 {[%clk 0:10:45]} 28. Qb1 {[%clk 0:07:12]} Rxe2
{[%clk 0:07:17]} 29. Nxe2 {[%clk 0:07:37]} Qe4 {[%clk 0:05:28]} 30. Rf2
{[%clk 0:07:52]} Qe3 {[%clk 0:05:52]} 31. Qf1 {[%clk 0:07:28]} Bxa4
{[%clk 0:02:17]} 32. Nc3 {[%clk 0:06:53]} Bc6 {[%clk 0:02:46]} 33. Re2
{[%clk 0:06:51]} Qd4 {[%clk 0:03:13]} 34. Qe1 {[%clk 0:06:35]} Kf7
{[%clk 0:02:19]} 35. Qh4 {[%clk 0:06:15]} h6 {[%clk 0:02:45]} 36. Qh5+
{[%clk 0:06:20]} Kg8 {[%clk 0:03:14]} 37. Qg6 {[%clk 0:06:13]} Qxf4
{[%clk 0:02:51]} 38. h3 {[%clk 0:05:52]} Qf1+ {[%clk 0:02:38]} 39. Kh2
{[%clk 0:06:16]} Qf4+ {[%clk 0:03:06]} 40. Kh1 {[%clk 0:35:37]} Qg5
{[%clk 0:31:01]} 41. Rxe6 {[%clk 0:35:10]} Qxg6 {[%clk 0:26:14]} 42. Rxg6
{[%clk 0:35:35]} Re1+ {[%clk 0:24:17]} 43. Kh2 {[%clk 0:36:00]} Rc1
{[%clk 0:24:24]} 44. Ne2 {[%clk 0:36:10]} Rxc2 {[%clk 0:23:27]} 45. Nd4
{[%clk 0:36:32]} Rc5 {[%clk 0:20:54]} 46. b4 {[%clk 0:27:50]} Kf7
{[%clk 0:11:41]} 47. Rg3 {[%clk 0:24:22]} Rc4 {[%clk 0:11:48]} 48. Nxc6
{[%clk 0:18:52]} Rxc6 {[%clk 0:11:50]} 49. Rd3 {[%clk 0:18:24]} Rb6
{[%clk 0:11:53]} 50. Rb3 {[%clk 0:18:34]} Rb5 {[%clk 0:12:13]} 51. Rf3
{[%clk 0:18:18]} Rxb4 {[%clk 0:12:26]} 52. Rxf5+ {[%clk 0:18:42]} Ke6
{[%clk 0:12:53]} 53. Rc5 {[%clk 0:18:37]} Rb5 {[%clk 0:12:34]} 54. Rc7
{[%clk 0:18:57]} Kf6 {[%clk 0:13:00]} 55. Kg3 {[%clk 0:19:01]} a5
{[%clk 0:13:25]} 56. Kf4 {[%clk 0:19:05]} a4 {[%clk 0:13:40]} 57. Rc4
{[%clk 0:19:10]} Ra5 {[%clk 0:14:05]} 58. h4 {[%clk 0:19:22]} a3 {[%clk 0:14:30]}
0-1

[Event "MP do 18 lat - chlopcy"]
[Site "Sypniewo"]
[Date "2022.03.27"]
[Round "9.11"]
[White "Kitewski, Bartosz"]
[Black "Dalkowski, Rafal"]
[Result "1-0"]
[BlackElo "2138"]
[WhiteElo "1870"]
[LiveChessVersion "1.4.8"]

1. d4 {[%clk 1:30:56]} Nf6 {[%clk 1:30:54]} 2. c4 {[%clk 1:31:21]} c5
{[%clk 1:30:54]} 3. d5 {[%clk 1:31:21]} b5 {[%clk 1:30:54]} 4. cxb5
{[%clk 1:31:21]} a6 {[%clk 1:30:54]} 5. bxa6 {[%clk 1:31:21]} Bxa6
{[%clk 1:30:59]} 6. Nc3 {[%clk 1:32:53]} g6 {[%clk 1:31:09]} 7. e4
{[%clk 1:33:16]} Bxf1 {[%clk 1:31:24]} 8. Kxf1 {[%clk 1:33:40]} d6
{[%clk 1:31:44]} 9. Nf3 {[%clk 1:34:03]} Bg7 {[%clk 1:32:05]} 10. g3
{[%clk 1:34:25]} O-O {[%clk 1:32:30]} 11. Kg2 {[%clk 1:34:50]} Nbd7
{[%clk 1:31:53]} 12. Qe2 {[%clk 1:35:13]} Qa5 {[%clk 1:31:17]} 13. Bg5
{[%clk 1:34:27]} Rfb8 {[%clk 1:30:46]} 14. Rac1 {[%clk 1:34:14]} h6
{[%clk 1:30:04]} 15. Bxf6 {[%clk 1:30:21]} Bxf6 {[%clk 1:29:51]} 16. Rc2
{[%clk 1:30:22]} Nb6 {[%clk 1:26:46]} 17. Rd1 {[%clk 1:20:44]} Qb4
{[%clk 1:15:25]} 18. e5 {[%clk 1:15:15]} Bg7 {[%clk 1:13:19]} 19. a3
{[%clk 0:56:16]} Qc4 {[%clk 1:01:09]} 20. Ne4 {[%clk 0:41:55]} Qxe2
{[%clk 0:56:43]} 21. Rxe2 {[%clk 0:42:05]} Nc4 {[%clk 0:55:27]} 22. exd6
{[%clk 0:42:07]} exd6 {[%clk 0:55:44]} 23. Rc1 Ra4 {[%clk 0:47:49]} 24. b4
{[%clk 0:37:14]} Nb2 {[%clk 0:37:31]} 25. Nxd6 {[%clk 0:27:34]} cxb4
{[%clk 0:36:51]} 26. axb4 {[%clk 0:27:57]} Raxb4 {[%clk 0:35:45]} 27. Rc8+
{[%clk 0:27:37]} Rxc8 {[%clk 0:34:42]} 28. Nxc8 {[%clk 0:28:02]} Rb7
{[%clk 0:21:08]} 29. d6 {[%clk 0:25:06]} Bf6 {[%clk 0:14:35]} 30. Re7
{[%clk 0:24:09]} Rb5 {[%clk 0:12:14]} 31. d7 {[%clk 0:14:03]} Rd5
{[%clk 0:12:16]} 32. Ne5 Rd2 {[%clk 0:07:16]} 33. Re8+ {[%clk 0:14:06]} Kg7
{[%clk 0:07:29]} 34. Nb6 {[%clk 0:14:28]} Nd3 {[%clk 0:06:30]} 35. Ng4
{[%clk 0:12:43]} Be7 {[%clk 0:00:40]} 36. Rxe7 {[%clk 0:12:46]} Nc5
{[%clk 0:01:07]} 37. Ne5 {[%clk 0:12:23]} Kf6 {[%clk 0:01:31]} 38. Re8
{[%clk 0:11:42]} 1-0

[Event "MP do 18 lat - chlopcy"]
[Site "Sypniewo"]
[Date "2022.03.27"]
[Round "9.12"]
[White "Czernek, Tymon"]
[Black "Gorkiewicz, Mateusz"]
[Result "1/2-1/2"]
[BlackElo "2073"]
[WhiteElo "2229"]
[LiveChessVersion "1.4.8"]

1. e4 {[%clk 1:30:58]} e5 {[%clk 1:30:17]} 2. Nf3 {[%clk 1:31:25]} Nf6
{[%clk 1:30:20]} 3. Nxe5 {[%clk 1:31:19]} d6 {[%clk 1:30:40]} 4. Nf3
{[%clk 1:31:46]} Nxe4 {[%clk 1:31:03]} 5. Nc3 {[%clk 1:30:47]} Nxc3
{[%clk 1:31:23]} 6. dxc3 {[%clk 1:31:15]} Be7 {[%clk 1:31:38]} 7. Be2
{[%clk 1:29:35]} Nc6 {[%clk 1:29:36]} 8. O-O {[%clk 1:29:51]} O-O
{[%clk 1:29:46]} 9. Nd4 {[%clk 1:29:23]} Nxd4 {[%clk 1:26:56]} 10. cxd4
{[%clk 1:28:05]} Bf5 {[%clk 1:26:17]} 11. Bd3 {[%clk 1:23:08]} Qd7
{[%clk 1:24:54]} 12. Bf4 {[%clk 1:22:20]} Bf6 {[%clk 1:21:51]} 13. c3
{[%clk 1:21:11]} Rfe8 {[%clk 1:20:36]} 14. Qc2 {[%clk 1:19:25]} Bxd3
{[%clk 1:20:22]} 15. Qxd3 {[%clk 1:19:53]} Re7 {[%clk 1:14:00]} 16. Rfe1
{[%clk 1:18:06]} Rae8 {[%clk 1:13:55]} 17. Rxe7 {[%clk 1:17:50]} Qxe7
{[%clk 1:11:54]} 18. Be3 {[%clk 1:16:31]} d5 {[%clk 1:10:53]} 19. Re1
{[%clk 1:15:23]} c6 {[%clk 1:10:46]} 20. Qd1 {[%clk 1:13:55]} g6 {[%clk 1:05:21]}
21. Bd2 {[%clk 1:13:19]} Qd7 {[%clk 1:05:28]} 22. Rxe8+ {[%clk 1:11:28]} Qxe8
{[%clk 1:05:52]} 23. Be3 {[%clk 1:10:00]} Qe4 {[%clk 1:03:49]} 24. g3
{[%clk 1:06:13]} Kg7 {[%clk 0:56:11]} 25. Qb3 {[%clk 1:02:13]} b5
{[%clk 0:48:06]} 26. Qa3 {[%clk 1:01:16]} Qb1+ {[%clk 0:42:44]} 27. Kg2
{[%clk 1:01:44]} Qe4+ {[%clk 0:39:39]} 28. Kg1 {[%clk 1:02:13]} Qb1+
{[%clk 0:39:45]} 29. Kg2 {[%clk 1:02:40]} Qe4+ {[%clk 0:40:06]} 30. Kg1
{[%clk 1:03:08]} Qb1+ {[%clk 0:40:29]} 31. Kg2 {[%clk 1:03:35]} Qe4+
{[%clk 0:40:53]} 1/2-1/2

[Event "MP do 18 lat - chlopcy"]
[Site "Sypniewo"]
[Date "2022.03.27"]
[Round "9.13"]
[White "Koziorowicz, Michal"]
[Black "Kasprzak, Lukasz"]
[Result "1-0"]
[BlackElo "1884"]
[WhiteElo "2291"]
[LiveChessVersion "1.4.8"]

1. e4 {[%clk 1:29:07]} c5 {[%clk 1:30:54]} 2. Nf3 {[%clk 1:29:20]} Nf6
{[%clk 1:29:59]} 3. e5 {[%clk 1:24:37]} Nd5 {[%clk 1:30:12]} 4. Bc4
{[%clk 1:20:23]} Nb6 {[%clk 1:15:46]} 5. Qe2 {[%clk 1:19:28]} Nc6
{[%clk 1:09:17]} 6. Nc3 {[%clk 1:15:29]} e6 {[%clk 1:05:19]} 7. O-O
{[%clk 1:08:32]} d5 {[%clk 0:57:53]} 8. exd6 {[%clk 1:08:49]} Bxd6
{[%clk 0:55:38]} 9. a4 {[%clk 0:54:03]} O-O {[%clk 0:50:06]} 10. Ba2
{[%clk 0:45:13]} Re8 {[%clk 0:46:48]} 11. d3 {[%clk 0:42:57]} Nd4
{[%clk 0:41:49]} 12. Qd1 {[%clk 0:38:13]} Bd7 {[%clk 0:39:31]} 13. a5
{[%clk 0:36:09]} Nxf3+ {[%clk 0:30:52]} 14. Qxf3 {[%clk 0:36:31]} Bc6
{[%clk 0:30:51]} 15. Ne4 {[%clk 0:32:22]} Nd5 {[%clk 0:28:43]} 16. Bg5
{[%clk 0:25:16]} Qc7 {[%clk 0:23:25]} 17. Qh5 {[%clk 0:22:17]} Nf4
{[%clk 0:14:51]} 18. Bxf4 {[%clk 0:17:02]} Bxf4 {[%clk 0:15:15]} 19. Rfe1 Bxe4
{[%clk 0:10:49]} 20. Rxe4 {[%clk 0:17:09]} g6 {[%clk 0:09:51]} 21. Qh3
{[%clk 0:16:40]} Be5 {[%clk 0:09:28]} 22. c3 {[%clk 0:16:36]} Rad8
{[%clk 0:08:05]} 23. Bc4 {[%clk 0:16:54]} a6 {[%clk 0:05:51]} 24. g4
{[%clk 0:14:12]} Bf4 {[%clk 0:03:57]} 25. Qf3 {[%clk 0:13:18]} e5
{[%clk 0:01:41]} 26. Kg2 {[%clk 0:12:04]} Kh8 {[%clk 0:01:22]} 27. Ra3
{[%clk 0:08:26]} Rf8 {[%clk 0:01:05]} 28. Rb3 {[%clk 0:08:22]} Rd6
{[%clk 0:00:44]} 29. Re2 {[%clk 0:07:15]} Rd7 {[%clk 0:00:51]} 30. Bd5
{[%clk 0:06:23]} Rb8 {[%clk 0:00:46]} 31. Rb6 {[%clk 0:06:31]} f5
{[%clk 0:00:37]} 32. c4 {[%clk 0:06:44]} Rg7 {[%clk 0:00:34]} 33. h4
{[%clk 0:05:36]} fxg4 {[%clk 0:00:37]} 34. Qxg4 {[%clk 0:05:59]} Qe7
{[%clk 0:00:37]} 35. Rxb7 {[%clk 0:05:39]} Qd8 {[%clk 0:00:34]} 36. Rxb8
{[%clk 0:05:16]} Qxb8 {[%clk 0:01:04]} 37. Qe6 {[%clk 0:05:22]} g5
{[%clk 0:00:35]} 38. h5 {[%clk 0:05:27]} g4 {[%clk 0:00:42]} 39. Qxa6
{[%clk 0:03:17]} Qd8 {[%clk 0:00:38]} 40. Qb6 {[%clk 0:32:38]} Qf8
{[%clk 0:30:33]} 41. a6 {[%clk 0:31:42]} g3 {[%clk 0:27:45]} 42. f3
{[%clk 0:31:05]} 1-0

[Event "MP do 18 lat - chlopcy"]
[Site "Sypniewo"]
[Date "2022.03.27"]
[Round "9.14"]
[White "Gradalski, Olaf"]
[Black "Jedrusik, Adam"]
[Result "1-0"]
[BlackElo "1937"]
[WhiteElo "2051"]
[LiveChessVersion "1.4.8"]

1. e4 {[%clk 1:30:48]} c6 {[%clk 1:30:56]} 2. d4 {[%clk 1:31:14]} d5
{[%clk 1:31:24]} 3. Nc3 {[%clk 1:31:37]} dxe4 {[%clk 1:29:49]} 4. Nxe4
{[%clk 1:32:00]} Nf6 {[%clk 1:30:17]} 5. Nxf6+ {[%clk 1:32:18]} exf6
{[%clk 1:30:45]} 6. Bc4 {[%clk 1:32:38]} Bd6 {[%clk 1:30:56]} 7. Qe2+
{[%clk 1:33:03]} Be7 {[%clk 1:31:23]} 8. Nf3 {[%clk 1:33:05]} O-O
{[%clk 1:31:47]} 9. O-O {[%clk 1:33:10]} Bd6 {[%clk 1:32:14]} 10. Re1
{[%clk 1:33:14]} Na6 {[%clk 1:30:44]} 11. h3 {[%clk 1:06:27]} Nc7
{[%clk 1:29:48]} 12. Be3 {[%clk 1:06:23]} Nd5 {[%clk 1:26:34]} 13. Qd2
{[%clk 0:58:48]} Qc7 {[%clk 1:26:04]} 14. c3 {[%clk 0:54:38]} Be6
{[%clk 1:16:08]} 15. Bd3 {[%clk 0:49:04]} Nf4 {[%clk 1:05:08]} 16. Bxf4
{[%clk 0:47:47]} Bxf4 {[%clk 1:05:35]} 17. Qc2 {[%clk 0:47:44]} g6
{[%clk 1:06:03]} 18. Rad1 {[%clk 0:43:23]} Rad8 {[%clk 1:02:38]} 19. g3
{[%clk 0:37:32]} Bxh3 {[%clk 1:00:34]} 20. Bf1 {[%clk 0:31:01]} Bg4
{[%clk 0:56:04]} 21. Qe4 {[%clk 0:31:28]} Rde8 {[%clk 0:53:24]} 22. Qxe8
{[%clk 0:26:28]} Bxf3 {[%clk 0:37:32]} 23. Qe7 {[%clk 0:25:46]} Bxd1
{[%clk 0:37:13]} 24. Qxc7 {[%clk 0:26:10]} Bxc7 {[%clk 0:37:41]} 25. Rxd1
{[%clk 0:26:33]} Rd8 {[%clk 0:37:58]} 26. Bg2 {[%clk 0:26:14]} Kg7
{[%clk 0:38:22]} 27. Re1 {[%clk 0:26:26]} Bd6 {[%clk 0:38:48]} 28. b4
{[%clk 0:26:05]} a6 {[%clk 0:35:34]} 29. a4 {[%clk 0:24:01]} Rc8 {[%clk 0:34:32]}
30. Rb1 {[%clk 0:23:12]} f5 {[%clk 0:32:59]} 31. c4 {[%clk 0:19:18]} f4
{[%clk 0:31:10]} 32. g4 {[%clk 0:13:09]} b5 {[%clk 0:27:16]} 33. axb5
{[%clk 0:12:23]} axb5 {[%clk 0:27:44]} 34. c5 {[%clk 0:11:27]} Be7
{[%clk 0:28:13]} 35. d5 {[%clk 0:10:12]} cxd5 {[%clk 0:28:41]} 36. Bxd5
{[%clk 0:10:34]} Bxc5 {[%clk 0:25:45]} 37. bxc5 {[%clk 0:10:46]} Rxc5
{[%clk 0:26:14]} 38. Bf3 {[%clk 0:10:14]} Kf6 {[%clk 0:25:06]} 39. Be2
{[%clk 0:09:48]} Kg5 {[%clk 0:25:24]} 40. Kg2 {[%clk 0:37:18]} f5
{[%clk 0:51:17]} 41. gxf5 {[%clk 0:37:41]} Kxf5 {[%clk 0:51:42]} 42. Bxb5
{[%clk 0:34:17]} Kg5 {[%clk 0:51:36]} 43. Bd3 {[%clk 0:34:03]} Rd5
{[%clk 0:51:32]} 44. Be4 {[%clk 0:31:30]} Re5 {[%clk 0:48:02]} 45. Kf3
{[%clk 0:31:38]} Ra5 {[%clk 0:48:30]} 46. Rb7 {[%clk 0:29:43]} Ra3+
{[%clk 0:47:48]} 47. Kg2 {[%clk 0:29:41]} Ra4 {[%clk 0:45:57]} 48. f3
{[%clk 0:22:50]} h5 {[%clk 0:43:42]} 49. Rb6 {[%clk 0:22:52]} Kh4
{[%clk 0:44:01]} 50. Rxg6 {[%clk 0:22:27]} Ra2+ {[%clk 0:44:29]} 51. Kf1
{[%clk 0:21:49]} Ra1+ {[%clk 0:42:21]} 52. Ke2 {[%clk 0:21:46]} Ra2+
{[%clk 0:42:44]} 53. Kd3 {[%clk 0:21:27]} Ra5 {[%clk 0:42:45]} 54. Bc6
{[%clk 0:17:57]} Re5 {[%clk 0:40:21]} 55. Kd4 {[%clk 0:17:59]} Re7
{[%clk 0:40:49]} 56. Bd5 {[%clk 0:17:27]} Kh3 {[%clk 0:38:31]} 57. Be6+
{[%clk 0:17:41]} Kh4 {[%clk 0:38:51]} 58. Ke5 {[%clk 0:16:16]} Rg7
{[%clk 0:38:28]} 59. Rf6 {[%clk 0:12:45]} Kg3 {[%clk 0:37:05]} 60. Rxf4
{[%clk 0:12:20]} Ra7 61. Rf8 {[%clk 0:12:22]} h4 {[%clk 0:31:47]} 62. f4
{[%clk 0:11:21]} h3 {[%clk 0:30:15]} 63. Rg8+ {[%clk 0:08:29]} Kh2
{[%clk 0:30:43]} 64. Rh8 {[%clk 0:07:00]} 1-0